Silly Quiz - Statistics

General Stats
  • This quiz has been taken 35 times
    24 since last reset
  • The average score is 9 of 15
Answer Stats
Question Answer % Correct
Which one is a lie? Ava throw up
78%
Opposite of Israel Iran/Palestine
78%
Rhymes with Rage (real word) Page
78%
What was the first question I asked you? Which one is a lie?
78%
Chicago Illinois
74%
Alaskan Cities: Find the odd one out. Hint: It has something to do with the First Letter Name... Hoonah
70%
U.S. President: Joe Biden
65%
Rick???? Rage???? rage - b??? Roll|Bait
61%
William had 7 apples, Chris took 5 apples from William and ate it, how many apples does William have now? 2
57%
Spell: Congratulations backwards Snoitalutragnoc
57%
Funniest joke: My ______ _____ smell so good (the first one has 6 letters and the second one has 5 letters) Stinky Socks
57%
Spain - France - Germany - Poland - ? Belarus
43%
How many shoes do you need 2
39%
Opposite of Niger Nigeria
39%
Fasty? 717
9%
No matching quizzes found
Score Distribution
Percent of People with Each Score
Percentile by Number Answered
Your Score History
You have not taken this quiz since the last reset